| 000 | 006150000a22001810004500 | ||
|---|---|---|---|
| 090 |
_aAR _b00623 |
||
| 245 | 1 | 0 | _aDistribution and abundance of manatees along the northern coast of the Gulf of Mexico |
| 650 | 1 | 4 |
_aDistribución geográfica _992997 |
| 650 | 1 | 4 |
_aMamíferos acuáticos _993274 |
| 650 | 1 | 4 |
_aDensidad poblacional _97576 |
| 651 | 4 |
_lGolfo de México _pMéxico _992749 |
|
| 653 |
_gTrichechus _eTrichechus manatus _vmanatí |
||
| 041 | 0 | _aInglés | |
| 700 | 1 |
_aRathbun, Galen B. _993293 |
|
| 100 | 1 |
_aPowell, James A. _993288 |
|
| 942 | _cARTICULO | ||
| 773 | 1 |
_tNortheast Gulf Science _3244 _h1 _q1-28 _d1984 _g7 |
|
| 999 |
_c9715 _d9715 |
||